| Tag |
First Indicator |
Second Indicator |
Subfields |
| LEADER |
00000cjm a2200000Ia 4500 |
| 001 |
in00002195921 |
| 005 |
20151104082215.0 |
| 007 |
sd fsngnn---ed |
| 008 |
040511p20031959xr rqn zxx d |
| 024 |
1 |
|
|a 099925367329
|
| 028 |
0 |
2 |
|a SU 3673-2 212
|b Supraphon
|
| 033 |
2 |
0 |
|a 19590130
|a 19590204
|b 6514
|c P7
|
| 035 |
|
|
|a (OCoLC)ocm55119881
|
| 040 |
|
|
|a WSU
|c WSU
|d TXA
|d UtOrBLW
|
| 049 |
|
|
|a TXAM
|
| 090 |
|
|
|a M2010.D99
|b R4 2003
|
| 100 |
1 |
|
|a Dvořák, Antonín,
|d 1841-1904.
|
| 240 |
1 |
0 |
|a Requiem,
|n op. 89,
|r B♭ minor
|
| 245 |
1 |
0 |
|a Requiem, op. 89 /
|c Dvořák.
|
| 264 |
|
1 |
|a Prague :
|b Supraphon,
|c [2003]
|
| 300 |
|
|
|a 2 sound discs :
|b digital, stereo. ;
|c 4 3/4 in.
|
| 306 |
|
|
|a 013553
|
| 336 |
|
|
|a performed music
|b prm
|2 rdacontent
|
| 337 |
|
|
|a audio
|b s
|2 rdamedia
|
| 338 |
|
|
|a audio disc
|b sd
|2 rdacarrier
|
| 490 |
1 |
|
|a Karel Ančerl gold edition ;
|v v. 13
|
| 546 |
|
|
|a Sung in Latin.
|
| 511 |
0 |
|
|a Maria Stader, soprano ; Sieglinde Wagner, contralto ; Ernst Haefliger, tenor ; Kim Borg, bass ; Prague Philharmonic Choir & Markéta Kühnová ; Czech Philharmonic Orchestra ; Karel Ančerl, conductor.
|
| 518 |
|
|
|a Recorded at the Dvořák Hall of Rudolfinum, Prague, January 30-February 4, 1959.
|
| 500 |
|
|
|a Compact discs.
|
| 500 |
|
|
|a Duration: 95:53.
|
| 500 |
|
|
|a Program notes in English, German, French and Czech (33 pages : ill.) inserted in container.
|
| 500 |
|
|
|a Sound recording.
|
| 650 |
|
0 |
|a Requiems.
|
| 700 |
1 |
|
|a Stader, Maria.
|
| 700 |
1 |
|
|a Wagner, Sieglinde.
|
| 700 |
1 |
|
|a Haefliger, Ernst,
|d 1919-2007.
|
| 700 |
1 |
|
|a Borg, Kim,
|d 1919-2000.
|
| 700 |
1 |
|
|a Kühnová, Markéta.
|
| 700 |
1 |
|
|a Ančerl, Karel,
|d 1908-1973.
|
| 710 |
2 |
|
|a Pražský filharmonický sbor.
|
| 710 |
2 |
|
|a Česká filharmonie.
|
| 830 |
|
0 |
|a Karel Ančerl gold edition ;
|v v. 13.
|
| 948 |
|
|
|a cataloged
|b h
|c 2006/10/24
|d c
|e cajsmith
|f 9:55:00 am
|
| 994 |
|
|
|a C0
|b TXA
|
| 999 |
|
|
|a MARS
|
| 999 |
f |
f |
|s 4f57f1ad-5b8a-357a-b8ef-dd1170d41aa9
|i db636152-745c-33be-9798-8ee1d84a6d71
|t 0
|
| 952 |
f |
f |
|p ric
|a Texas A&M University
|b Rellis Campus
|c Joint Library Facility
|d Remote Storage
|t 0
|e M2010.D99 R4 2003
|h Library of Congress classification
|i audio -- audio disc
|m A14834831579
|
| 998 |
f |
f |
|a M2010.D99 R4 2003
|t 0
|l Remote Storage
|